Upper Hutt Line Stations - Wellington New Zealand - Statistics

General Stats
  • This quiz has been taken 72 times
  • The average score is 13 of 17
Answer Stats
Answer % Correct
Silverstream
92%
Trentham
90%
Upper Hutt
90%
Wellington
90%
Petone
87%
Naenae
81%
Ngauranga
81%
Taita
81%
Ava
79%
Waterloo
79%
Epuni
73%
Manor Park
73%
Wallaceville
73%
Pomare
71%
Heretaunga
69%
Wingate
69%
Woburn
63%
No matching quizzes found
Score Distribution
Percent of People with Each Score
Percentile by Number Answered
Your Score History
You have not taken this quiz